000
00327nam a22001457a 4500
003
SGT
020
_a
9789381384527
082
_a
070.4
_b
ROY
100
_a
ROY BARUN
245
_a
BEGINNERS' FUIDE TO JOURNALISM & MASS COMMUNICATION
260
_a
INDIA
_c
2023
_b
V & S PUB.
300
_a
216
650
_a
BJMC
942
_2
ddc
_c
BK
999
_c
32124
_d
32124